| 000 | 00853nam a22002657a 4500 | ||
|---|---|---|---|
| 003 | BUBTL | ||
| 008 | 130421b xxu||||| |||| 00| 0 eng d | ||
| 020 | _a978-81-315-1617-1 | ||
| 024 | _cAvailable | ||
| 037 |
_cAvailable _ffor issue |
||
| 082 |
_222 _a658 GRM |
||
| 100 | _aGriffin, Ricky W | ||
| 245 |
_aManagent; principles and applications _bManagent; principles and applications |
||
| 250 |
_a10th Edition _b10th Edition |
||
| 260 |
_aNew Delhi _bCengage Learning _c2012 |
||
| 300 |
_a24cm _b826 page _f12 _g18cm |
||
| 600 | _a Management | ||
| 650 | _2Management | ||
| 700 |
_aGriffin Ricky W _cManagement;principles and applications |
||
| 856 |
_k0 _l0 _yDownload |
||
| 270 |
_aNew Delhi, India _bNew Delhi _dIndia |
||
| 365 |
_b750.00 _d750.00 |
||
| 942 |
_2ddc _cBK _k658 _mGRM |
||
| 999 |
_c168 _d168 |
||